Inmaculada o los placeres de la inocencia / (Record no. 82340)

MARC details
000 -LEADER
campo de control de longitud fija 01136cam a2200325Ia 4500
001 - NÚMERO DE CONTROL
campo de control 94622
005 - FECHA Y HORA DE LA ÚLTIMA TRANSACCIÓN
campo de control 20230410130910.0
008 - DATOS DE LONGITUD FIJA--INFORMACIÓN GENERAL
campo de control de longitud fija 890915s1989 mx 000 1 spa d
035 ## - NÚMERO DE CONTROL DEL SISTEMA
Número de control de sistema (OCoLC)ocm20348009
020 ## - NÚMERO INTERNACIONAL ESTÁNDAR DEL LIBRO
Número Internacional Estándar del Libro 9681630750
020 ## - NÚMERO INTERNACIONAL ESTÁNDAR DEL LIBRO
Número Internacional Estándar del Libro 9789681630751
035 ## - NÚMERO DE CONTROL DEL SISTEMA
Número de control de sistema (OCoLC)20348009
050 14 - SIGNATURA TOPOGRÁFICA DE LA BIBLIOTECA DEL CONGRESO
Número de clasificación PQ 7298.17
Número de ítem G216i 1989
082 00 - NÚMERO DE LA CLASIFICACIÓN DECIMAL DEWEY
Número de clasificación 863
049 ## - FONDOS LOCALES (OCLC)
Biblioteca depositaria GRAL
100 1# - ENTRADA PRINCIPAL--NOMBRE DE PERSONA
Nombre de persona García Ponce, Juan.
245 10 - MENCIÓN DEL TÍTULO
Título Inmaculada o los placeres de la inocencia /
Mención de responsabilidad, etc. Juan García Ponce.
260 ## - PUBLICACIÓN, DISTRIBUCIÓN, ETC.
Lugar de publicación, distribución, etc. México, D.F. :
Nombre del editor, distribuidor, etc. Fondo de Cultura Económica,
Fecha de publicación, distribución, etc. 1989.
300 ## - DESCRIPCIÓN FÍSICA
Extensión 335 p. ;
Dimensiones 22 cm.
440 #0 - MENCIÓN DE SERIE/PUNTO DE ACCESO ADICIONAL--TÍTULO
Título Letras mexicanas
650 #4 - PUNTO DE ACCESO ADICIONAL DE MATERIA--TÉRMINO DE MATERIA
Término de materia o nombre geográfico como elemento de entrada Literatura mexicana.
650 #4 - PUNTO DE ACCESO ADICIONAL DE MATERIA--TÉRMINO DE MATERIA
Término de materia o nombre geográfico como elemento de entrada Novela mexicana
-- Siglo XX.
650 #4 - PUNTO DE ACCESO ADICIONAL DE MATERIA--TÉRMINO DE MATERIA
Término de materia o nombre geográfico como elemento de entrada Romance Hispano-Americano.
776 08 - ENTRADA DE FORMULARIO FÍSICO ADICIONAL
Información de relación Online version:
Encabezamiento principal García Ponce, Juan.
Título Inmaculada, o, Los placeres de la inocencia.
Edición 1. ed.
Lugar, editor y fecha de publicación México, D.F. : Fondo de Cultura Económica, 1989 (1990 printing)
Número de control del registro (OCoLC)622100423
938 ## -
-- Puvill Libros
-- PUVL
-- 9681630750
-- $17.67
938 ## -
-- Baker & Taylor
-- BKTY
-- 19.95
-- 14.96
-- 9681630750
-- 0006679614
-- active
942 ## - ELEMENTOS DE ENTRADA SECUNDARIOS (KOHA)
Fuente del sistema de clasificación o colocación Clasificación de Library of Congress
Tipo de ítem Koha
994 ## -
-- C0
-- DRFGD
946 ## - PROCESAMIENTO DE INFORMACIÓN LOCAL (OCLC)
a JP
Holdings
Estatus retirado Estado de pérdida Fuente del sistema de clasificación o colocación Estado de daño No para préstamo Colección Biblioteca de origen Biblioteca actual Ubicación en estantería Fecha de adquisición Serial enumeration / chronology Signatura topográfica completa Código de barras Visto por última vez Copia número Tipo de ítem Koha
    Clasificación de Library of Congress     Humanidades Biblioteca Juan Bosch Biblioteca Juan Bosch Humanidades (4to. Piso) 10/04/2023 1 PQ 7298.17 G216i 1989 00000088305 25/10/2018 1